Seleções que eliminaram o Brasil na Copa do Mundo - Statistics

Estatísticas Gerais
  • Esse quiz foi jogado 268 vezes
  • A pontuação média é 10 de 12
Estatísticas das Respostas
Ano Fase Seleção % Correto
2014 Semifinal Alemanha
100%
2022 Quartas de final Croácia
100%
2018 Quartas de final Bélgica
99%
1998 Final França
96%
2010 Quartas de final Holanda
92%
2006 Quartas de final França
91%
1950 Final Uruguai
91%
1990 Oitavas de final Argentina
82%
1938 Semifinal Itália
67%
1986 Quartas de final França
65%
1954 Quartas de final Hungria
58%
1934 Oitavas de final Espanha
47%
Nenhum quiz correspondente encontrado
Distribuição das Pontuações
Porcentagem de Pessoas com Cada Pontuação
Percentil de Números Respondidos
Sua Pontuação Histórica
Você não jogou esse quiz